000 00949nam a22002777a 4500
001 8990
003 FISKH
005 20251113092847.0
008 251113b cb ||||| |||| 00| 0 eng d
020 _a091938011602
040 _aFISKH
_beng
_cFISKH
_dFISKH
050 _aPR4572 .C68
082 _a823.83
100 _aDickens, Charles
245 _aA Christmas Carol /
_cIllustrated by Joe Boddy ; Adapted from the story by Charles Dickens
260 _aMorris Plains :
_bThe Unicorn Publishing,
_c1991.
300 _a40 unnumbered pages :
_bcolor illustrations ;
_c27 cm
505 _aR
520 _aA miser learns the true meaning of Christmas when three ghostly visitors review his past and foretell his future.
521 8 _a710
_bLexile estimate
521 8 _aR
_bRaz-Plus
650 _aBritish literature
_v19th century
_xEnglish literature
700 _aBoddy, Joe
_eillustrator
942 _2ddc
_cBK
_n0
999 _c8990
_d8990